| 000 | 00323nam a2200133 i 4500 | ||
|---|---|---|---|
| 001 | bg | ||
| 100 | 1 | _aSKOLIMOWSKI, W. | |
| 245 | 1 | 0 |
_aTechnologia materiałów budowlanych. _nT.2 / _cW. Skolimowski. |
| 260 |
_aWarszawa, _c1965. |
||
| 040 | _cBPK | ||
| 041 | _apol | ||
| 942 | _cKS | ||
| 008 | s pl f |000 0 pol | ||
| 999 |
_c4835 _d4835 |
||
| 856 |
_uhttp://koha.tu.koszalin.pl/cgi-bin/koha/opac-detail.pl?biblionumber=4835 _yKatalog online BPK |
||